000 01087nam a2200253Ia 4500
999 _c53856
_d53856
001 20907
003 GE_BSU
005 20200825112242.0
008 181216s2017ge xx |||||||||||||| ||geo||
020 _a9789941947865
040 _cGE_BSU
041 _ageo
080 _a346.26(479.22)+338.22 პ-27
100 _aპეპანაშვილი, ნინო.
_98155
245 _aბიზნესსამართალი= Business Law :
_bწ1 /
_cნინო პეპანაშვილი.
250 _aმე-2 განახლებული გამოცემა
264 _aთბილისი :
_bბონა კაუზა,
_c2017.
300 _a427 გვ.:
_c;23 სმ.
440 _aიურისტის ბიბლიოთეკა
_9137
504 _aბიბლიოგრ. ტექსტის შენიშვნებში.
653 _aსაქართველოს სამეწარმეო სამართალი.
653 _aბიზნესის სამართალი.
942 _cBK
_2udc